000 00390 a2200133 4500
005 20250606141806.0
020 _a978-1-86124-230-3
100 _aCIP
245 _aNegotiating and Contracting in Procurement and Supply
250 _a1st Ed.
260 _aStamfod
_bThe Chartered Institute of Purchasing and Supply
_c2012
300 _av, 86p.: ill; tables.
_bNotes,
_c20.5 cm
942 _2ddc
_cBKS
999 _c3334
_d3334